000 00645nam a22002177a 4500
999 _c3923
_d3923
003 OSt
005 20241120112604.0
008 241120b ||||| |||| 00| 0 eng d
020 _a9780199137572
040 _cKH8
082 _a900 OXF
130 _aOxford International Student's Atlas
245 _aOxford International Student's Atlas /
_cedited by Dr. Patrick Wiegand.
260 _aOxford ;
_bOxford University Press ,
_c2012.
300 _a1 atlas (136 pages) :
_bcolor ;
_c30 cm.
500 _aIncludes index
650 _aWorld maps
650 _aCountry data and flags
700 _aWiegand, Patrick,
_eeditor
942 _2ddc
_cNFIC